000 00373nam a2200145Ia 4500
008 210210b1976 xxu||||| |||| 00| 0 eng d
082 _a261.1 CHRS
100 _aCHRISTENSON (Larry).
245 _aSocial action Jesus style.
260 _aMinneapolis
_bDimension Books
_c1976
300 _a112
650 _aSocial Action Jesus
690 _aChristianity
906 _a038570
999 _c88516
_d88516